Antinomies of society: essays on ideologies and institutions (Record no. 395262)

000 -LEADER
fixed length control field 00482cam a22001577a 4500
008 - FIXED-LENGTH DATA ELEMENTS--GENERAL INFORMATION
fixed length control field 180718b2000 xxu||||| |||| 00| 0 eng d
020 ## - INTERNATIONAL STANDARD BOOK NUMBER
International Standard Book Number 0195653890
082 ## - DEWEY DECIMAL CLASSIFICATION NUMBER
Classification number Bx54 B465
100 ## - MAIN ENTRY--PERSONAL NAME
Personal name Beteille, Andre
245 ## - TITLE STATEMENT
Title Antinomies of society: essays on ideologies and institutions
Statement of responsibility, etc. by Andre Beteille
260 ## - PUBLICATION, DISTRIBUTION, ETC.
Place of publication, distribution, etc. New Delhi
Name of publisher, distributor, etc. Oxford Univ. Press
Date of publication, distribution, etc. 2000
300 ## - PHYSICAL DESCRIPTION
Extent 297p.
650 ## - SUBJECT ADDED ENTRY--TOPICAL TERM
Topical term or geographic name entry element Social sciences - Philosophy
650 ## - SUBJECT ADDED ENTRY--TOPICAL TERM
Topical term or geographic name entry element Secularism - India
650 ## - SUBJECT ADDED ENTRY--TOPICAL TERM
Topical term or geographic name entry element Civil society - India
Holdings
Withdrawn status Lost status Damaged status Not for loan Permanent Location Current Location Date acquired Full call number Barcode Date last seen Price effective from Koha item type
        Indian Institute of Public Administration Indian Institute of Public Administration 2002-06-18 B2 B466 77554 2018-07-21 2018-07-21 Book
        Indian Institute of Public Administration Indian Institute of Public Administration 2001-01-12 Bx54 B465 76205 2018-07-21 2018-07-21 Book

Powered by Koha